000
00281nam a22001217a 4500
999
_c
158762
_d
158762
082
_a
_b
245
_a
Persons and personality/
_c
by Arthur Peacocke (ed.)
260
_a
Oxford:
_b
Basil,
_c
1987.
300
_a
222p.
650
_a
700
_a
Arthur Peacocke (ed.)
942
_c
BK